| 000 | 00596nam a2200169 i 4500 | ||
|---|---|---|---|
| 001 | 32563 | ||
| 003 | ES-MaACL | ||
| 007 | t| | ||
| 008 | 030131s1980 mx ||||1| spa d | ||
| 100 | 1 |
_aBertalanffy, Ludwig von. _928419 |
|
| 245 | 1 | 0 |
_aTeoría general de los sitemas _b: fundamentos, desarrollo, aplicaciones / _cLudwig von Bertalanffy ; [traducción de Juan Almela]. |
| 250 | _a[1ª ed., 1ª reimp.]. | ||
| 260 |
_aMéxico, etc. : _bFondo de Cultura Económica, _c[1980] |
||
| 300 |
_aXX, 312 p. : _bil. ; _c21 cm. |
||
| 700 | 1 |
_aAlmela, Juan. _920128 |
|
| 852 |
_aES-MaACL _jL-4494 _bR.105256 |
||
| 999 |
_c32563 _d32563 |
||